000 00739nam a2200253Ia 4500
003 OSt
005 20220928104213.0
006 a|||||r|||| 00| 0
007 ta
008 220927b |||||||| |||| 00| 0 eng d
024 _a93036
037 _cTextual
040 _aSDCL
_cSDCL
_beng
041 _2eng
_aeng
082 _aX652.2'N9, N0
100 _aShah Kishor
_9409609
245 0 _aHow to invest well
_b A guide to the share market and personal investments.
260 _aNew Delhi
_bTata McGraw-Hill
_c1990
300 _a272p
_ccm.
700 _a Doshi Atul
_9409610
700 _a Shah Pinki
_9409611
942 _hX652.2'N9, N0
_cTEXL
_2CC
999 _c725179
_d725179